[Event "1st Metropolitan International"]
[Site "Los Angeles"]
[Date "2011.08.17"]
[Round "1"]
[White "Abrahamyan, Tatev"]
[Black "Ulrich, Thomas"]
[Result "1/2-1/2"]
[WhiteElo "2343"]
[BlackElo "2093"]
[PlyCount "118"]
[EventDate "2011.08.17"]
[EventType "swiss"]
[EventRounds "9"]
[EventCountry "USA"]
[SourceDate "2011.08.22"]

1. e4 c6 2. d4 d5 3. Nc3 dxe4 4. Nxe4 Bf5 5. Ng3 Bg6 6. h4 h6 7. Nf3 Nd7 8. h5
Bh7 9. Bd3 Bxd3 10. Qxd3 e6 11. Bd2 Ngf6 12. O-O-O Be7 13. Kb1 O-O 14. Qe2 Qb6
15. c4 Rfd8 16. Bc1 Qa5 17. Ne5 c5 18. Rhe1 Qa6 19. Nxd7 Rxd7 20. dxc5 Rxd1 21.
Rxd1 Bxc5 22. Bf4 Qb6 23. Be5 Be7 24. f4 Rd8 25. Rc1 Nd7 26. Bc3 Bf6 27. Ne4
Bxc3 28. Nxc3 Nc5 29. g4 Nd3 30. Rf1 Qd4 31. Rd1 Qxc4 32. g5 Rd4 33. Qe3 hxg5
34. fxg5 e5 35. Rg1 Nb4 36. a3 Qd3+ 37. Qxd3 Nxd3 38. Kc2 Nf4 39. Re1 Nxh5 40.
Rxe5 Rd7 41. Ne4 Kh7 42. b4 Nf4 43. Nc5 Rc7 44. Kb3 Kg6 45. a4 b6 46. Ne4 Rc6
47. a5 Re6 48. Rxe6+ Nxe6 49. axb6 axb6 50. Kc4 Nc7 51. Nd6 Kxg5 52. Nxf7+ Kf6
53. Nd6 g5 54. Kd4 g4 55. Ke4 Kg5 56. Nc4 b5 57. Ne3 Na6 58. Nxg4 Nxb4 59. Ne3
Na6 1/2-1/2

[Event "1st Metropolitan International"]
[Site "Los Angeles"]
[Date "2011.08.17"]
[Round "1"]
[White "Akobian, Varuzhan"]
[Black "Barnett, Alex"]
[Result "1-0"]
[WhiteElo "2613"]
[BlackElo "2254"]
[PlyCount "83"]
[EventDate "2011.08.17"]
[EventType "swiss"]
[EventRounds "9"]
[EventCountry "USA"]
[SourceDate "2011.08.22"]

1. d4 Nf6 2. c4 e6 3. Nf3 Bb4+ 4. Bd2 Qe7 5. g3 Nc6 6. Nc3 O-O 7. Bg2 Na5 8. b3
b6 9. O-O Bb7 10. Qc2 Rac8 11. Rfe1 Bxc3 12. Bxc3 Be4 13. Qb2 Nb7 14. Bf1 Bxf3
15. exf3 d5 16. c5 Rb8 17. Rac1 c6 18. Ba6 Nd7 19. b4 bxc5 20. bxc5 Na5 21. Qa3
Nc4 22. Qa4 Rbd8 23. Bxc4 dxc4 24. Qxc6 Nf6 25. Qa6 Nd5 26. Ba5 Rb8 27. Qxc4
Qf6 28. Kg2 Rb2 29. Bc3 Rbb8 30. Qd3 h5 31. h4 Qxh4 32. Re5 Qf6 33. Rxh5 g6 34.
Re5 Kg7 35. Bd2 Qe7 36. Qe4 Qd7 37. c6 Qd6 38. Bf4 Rb2 39. Rh1 f5 40. Rxd5 Qxd5
41. Qxd5 exd5 42. Bh6+ 1-0

[Event "1st Metropolitan International"]
[Site "Los Angeles"]
[Date "2011.08.26"]
[Round "1"]
[White "Akopian, Robert"]
[Black "Adamson, Robby"]
[Result "1/2-1/2"]
[WhiteElo "2047"]
[BlackElo "2324"]
[PlyCount "83"]
[EventDate "2011.08.17"]
[EventType "swiss"]
[EventRounds "9"]
[EventCountry "USA"]
[SourceDate "2011.08.22"]

1. e4 e6 2. d4 d5 3. Nc3 Nc6 4. Nf3 Nf6 5. e5 Ne4 6. Bd3 Bb4 7. Bd2 Nxd2 8.
Qxd2 f6 9. a3 Bxc3 10. Qxc3 fxe5 11. dxe5 O-O 12. O-O-O Qe7 13. h4 Bd7 14. Rh3
Be8 15. h5 Rb8 16. Qd2 b5 17. Qg5 h6 18. Qe3 b4 19. a4 Nd8 20. Rg3 Kh8 21. b3
c5 22. Kb2 Nc6 23. Bb5 Rxb5 24. axb5 Nd8 25. Rg4 Bxh5 26. Rf4 Re8 27. g4 Bg6
28. g5 d4 29. Qd2 hxg5 30. Nxg5 Rf8 31. Rh4+ Kg8 32. Rdh1 Nf7 33. Nxf7 Kxf7 34.
Rh8 Rxh8 35. Rxh8 Qd7 36. Qg5 Qxb5 37. Rc8 Qa5 38. Qf4+ Bf5 39. Qf3 d3 40. Qh5+
Bg6 41. Qf3+ Bf5 42. Qh5+ 1/2-1/2

[Event "1st Metropolitan International"]
[Site "Los Angeles"]
[Date "2011.08.17"]
[Round "1"]
[White "Altounian, Levon"]
[Black "Zepeda, Lorena"]
[Result "1-0"]
[WhiteElo "2431"]
[BlackElo "2187"]
[PlyCount "119"]
[EventDate "2011.08.17"]
[EventType "swiss"]
[EventRounds "9"]
[EventCountry "USA"]
[SourceDate "2011.08.22"]

1. Nf3 Nf6 2. c4 g6 3. Nc3 Bg7 4. d4 O-O 5. Bf4 d6 6. e3 Nbd7 7. Be2 c5 8. h3
a6 9. O-O h6 10. Qd2 Kh7 11. a4 b6 12. d5 a5 13. e4 Ne8 14. Bd3 Ne5 15. Nxe5
dxe5 16. Be3 Nd6 17. f4 f6 18. f5 Bd7 19. fxg6+ Kxg6 20. Ne2 Kh7 21. g4 h5 22.
Ng3 hxg4 23. hxg4 Bxg4 24. Qh2+ Kg8 25. Nf5 Bxf5 26. exf5 Rf7 27. Rf2 Kf8 28.
Be2 Ke8 29. Bh5 Kd7 30. Bxf7 Nxf7 31. Rg2 Ng5 32. Bxg5 fxg5 33. Rxg5 Bf6 34.
Rg6 Qh8 35. Re1 Qxh2+ 36. Kxh2 Rh8+ 37. Kg2 Rh5 38. Re4 Rxf5 39. b3 Kd6 40. Rg3
Rh5 41. Reg4 Rf5 42. Rf3 Rh5 43. Rh3 Rf5 44. Rh1 Kc7 45. Rf1 Rh5 46. Rg6 Rh4
47. Rgxf6 exf6 48. Rxf6 Rd4 49. Rf7+ Kc8 50. Kf3 Rh4 51. Re7 Kd8 52. Rb7 Rh3+
53. Ke4 Rxb3 54. d6 Kc8 55. Rh7 Rg3 56. Kd5 Rg8 57. Kc6 e4 58. Rc7+ Kb8 59.
Rb7+ Ka8 60. Re7 1-0

[Event "1st Metropolitan International"]
[Site "Los Angeles"]
[Date "2011.08.17"]
[Round "1"]
[White "Amanov, Mesgen"]
[Black "Yanayt, Eugene"]
[Result "1-0"]
[WhiteElo "2544"]
[BlackElo "2236"]
[PlyCount "35"]
[EventDate "2011.08.17"]
[EventType "swiss"]
[EventRounds "9"]
[EventCountry "USA"]
[SourceDate "2011.08.22"]

1. d4 Nf6 2. c4 g6 3. g3 Bg7 4. Bg2 O-O 5. Nc3 d6 6. Nf3 a6 7. O-O Nc6 8. h3
Rb8 9. e4 b5 10. e5 Ne8 11. cxb5 axb5 12. Re1 b4 13. Nd5 e6 14. Bg5 f6 15. exf6
Nxf6 16. Nf4 h6 17. Nxg6 hxg5 18. Nxg5 1-0

[Event "1st Metropolitan International"]
[Site "Los Angeles"]
[Date "2011.08.17"]
[Round "1"]
[White "Bercys, Salvijus"]
[Black "Akopyan, Harutyun"]
[Result "1-0"]
[WhiteElo "2487"]
[BlackElo "2213"]
[PlyCount "83"]
[EventDate "2011.08.17"]
[EventType "swiss"]
[EventRounds "9"]
[EventCountry "USA"]
[SourceDate "2011.08.22"]

1. d4 Nf6 2. c4 e6 3. Nc3 Bb4 4. Qc2 c5 5. dxc5 Na6 6. a3 Bxc3+ 7. Qxc3 Nxc5 8.
b4 Na4 9. Qc2 b5 10. cxb5 Nb6 11. Nf3 Bb7 12. e3 Rc8 13. Qd1 d6 14. Be2 Be4 15.
Nd4 e5 16. f3 Bd5 17. Nc6 Qd7 18. Na5 Nc4 19. a4 Qc7 20. Bd2 Nb2 21. Qb1 Qc2
22. Qxc2 Rxc2 23. e4 Bc4 24. Nxc4 Nxc4 25. Rc1 Rxc1+ 26. Bxc1 d5 27. Bxc4 dxc4
28. Be3 Kd7 29. Bxa7 Ra8 30. b6 Kc6 31. b5+ Kb7 32. Kd2 Rd8+ 33. Kc3 Rd4 34. a5
Nd7 35. Ra1 h5 36. Kb4 g6 37. Rc1 f5 38. Rxc4 Rxc4+ 39. Kxc4 fxe4 40. fxe4 Nf6
41. a6+ Ka8 42. Kc5 1-0

[Event "1st Metropolitan International"]
[Site "Los Angeles"]
[Date "2011.08.17"]
[Round "1"]
[White "Bodek, Michael"]
[Black "Yang, Darwin"]
[Result "1/2-1/2"]
[WhiteElo "2191"]
[BlackElo "2434"]
[PlyCount "61"]
[EventDate "2011.08.17"]
[EventType "swiss"]
[EventRounds "9"]
[EventCountry "USA"]
[SourceDate "2011.08.22"]

1. e4 e6 2. d4 d5 3. Nc3 Nf6 4. Bg5 dxe4 5. Nxe4 Nbd7 6. Bd3 h6 7. Nxf6+ Nxf6
8. Bh4 c5 9. Nf3 cxd4 10. O-O Bc5 11. Qe2 O-O 12. Rad1 Be7 13. Nxd4 Qc7 14. Bg3
Qc5 15. c3 Bd7 16. Rfe1 Rfd8 17. Be5 Ba4 18. b3 Be8 19. Nf5 exf5 20. Bd4 Qc7
21. Qxe7 Qxe7 22. Rxe7 Nd5 23. Re5 g6 24. Rde1 Bc6 25. Bc4 b5 26. Bxd5 Bxd5 27.
h4 h5 28. Re7 a6 29. Bf6 Rdc8 30. Rd7 Be6 31. Rd6 1/2-1/2

[Event "1st Metropolitan International"]
[Site "Los Angeles"]
[Date "2011.08.17"]
[Round "1"]
[White "Cherniack, Alex"]
[Black "Gareev, Timur"]
[Result "0-1"]
[WhiteElo "2262"]
[BlackElo "2613"]
[PlyCount "56"]
[EventDate "2011.08.17"]
[EventType "swiss"]
[EventRounds "9"]
[EventCountry "USA"]
[SourceDate "2011.08.22"]

1. d4 Nf6 2. c4 c5 3. d5 b5 4. cxb5 a6 5. bxa6 g6 6. Nc3 Bxa6 7. Nf3 d6 8. g3
Nbd7 9. Bg2 Nb6 10. b3 Bg7 11. Rb1 Bc8 12. Nh4 h6 13. Qc2 Qd7 14. O-O g5 15.
Nf3 Qf5 16. e4 Qg6 17. Rd1 O-O 18. b4 Nc4 19. bxc5 dxc5 20. Qb3 Ba6 21. Qa4
Nxe4 22. Nxe4 Qxe4 23. Nd2 Qg6 24. Be4 Qh5 25. Bf3 g4 26. Bg2 Ne5 27. Qf4 Be2
28. Rf1 Rxa2 0-1

[Event "1st Metropolitan International"]
[Site "Los Angeles"]
[Date "2011.08.17"]
[Round "1"]
[White "Clawitter, Craig"]
[Black "Banawa, Joel"]
[Result "0-1"]
[WhiteElo "2118"]
[BlackElo "2374"]
[PlyCount "54"]
[EventDate "2011.08.17"]
[EventType "swiss"]
[EventRounds "9"]
[EventCountry "USA"]
[SourceDate "2011.08.22"]

1. e4 c6 2. Nf3 d5 3. e5 Bg4 4. d4 e6 5. c3 c5 6. dxc5 Bxf3 7. Qxf3 Bxc5 8. Nd2
Nc6 9. Qg3 Nge7 10. Bd3 Qc7 11. Nf3 Ng6 12. Bxg6 hxg6 13. Bg5 Kd7 14. O-O f6
15. exf6 Bd6 16. Qg4 Bxh2+ 17. Kh1 gxf6 18. Rfe1 Be5+ 19. Kg1 fxg5 20. Rad1 Qd6
21. Nxg5 Raf8 22. Ne4 Bh2+ 23. Kf1 Ne5 24. Qg5 Qa6+ 25. Re2 Bf4 26. Nc5+ Kc8
27. Nxa6 Rh1# 0-1

[Event "1st Metropolitan International"]
[Site "Los Angeles"]
[Date "2011.08.17"]
[Round "1"]
[White "Duckworth, William"]
[Black "Tanaka, Christian"]
[Result "1-0"]
[WhiteElo "2352"]
[BlackElo "2098"]
[PlyCount "93"]
[EventDate "2011.08.17"]
[EventType "swiss"]
[EventRounds "9"]
[EventCountry "USA"]
[SourceDate "2011.08.22"]

1. d4 Nf6 2. Nc3 d5 3. Bg5 g6 4. Qd2 Bg7 5. O-O-O c6 6. Bh6 O-O 7. Bxg7 Kxg7 8.
e3 b5 9. Bd3 Nbd7 10. Nf3 b4 11. Ne2 Qa5 12. Kb1 Ne4 13. Qe1 Rb8 14. Nd2 Nxd2+
15. Qxd2 e5 16. f3 c5 17. dxc5 Nxc5 18. Nc1 Rd8 19. Bc4 Bb7 20. Bb3 Qb6 21. Nd3
Nxd3 22. cxd3 Bc6 23. d4 a5 24. Rc1 a4 25. Bd1 b3 26. a3 exd4 27. Qxd4+ Qxd4
28. exd4 Bb5 29. Rc5 Rdc8 30. Kc1 Rxc5+ 31. dxc5 Kf6 32. Re1 Rc8 33. Kd2 Rxc5
34. g3 Rc8 35. f4 Re8 36. Rxe8 Bxe8 37. Kc3 Ke7 38. Kd4 Kd6 39. Bf3 Bc6 40. Be2
f6 41. Bd3 Bd7 42. h4 Kc6 43. h5 Bf5 44. Be2 Bd7 45. h6 Kd6 46. Bd3 Kc6 47.
Bxg6 1-0

[Event "1st Metropolitan International"]
[Site "Los Angeles"]
[Date "2011.08.17"]
[Round "1"]
[White "Haessel, Dale"]
[Black "Gurevich, Dmitry"]
[Result "1/2-1/2"]
[WhiteElo "2211"]
[BlackElo "2479"]
[PlyCount "88"]
[EventDate "2011.08.17"]
[EventType "swiss"]
[EventRounds "9"]
[EventCountry "USA"]
[SourceDate "2011.08.22"]

1. Nf3 Nf6 2. c4 c5 3. Nc3 b6 4. g3 Bb7 5. Bg2 g6 6. O-O Bg7 7. Re1 d6 8. e4 e5
9. d3 O-O 10. a3 Nc6 11. Rb1 Nd4 12. b4 Nd7 13. bxc5 Nxf3+ 14. Bxf3 Nxc5 15.
Be3 Bc6 16. Nd5 Bxd5 17. cxd5 Rc8 18. Qd2 Qd7 19. Rec1 f5 20. Bxc5 bxc5 21. Rc2
Bf6 22. Rcb2 Rc7 23. Rb8 Rxb8 24. Rxb8+ Kg7 25. Qb2 Bg5 26. Qb5 Qxb5 27. Rxb5
Bd2 28. Rb8 Bc1 29. Rd8 c4 30. Rxd6 Bxa3 31. Rc6 Rxc6 32. dxc6 Bd6 33. dxc4 a5
34. c5 Bb8 35. Bd1 Kf6 36. f3 fxe4 37. fxe4 Ke7 38. Kf2 Ba7 39. Ke3 Bxc5+ 40.
Kd3 Kd6 41. Ba4 h5 42. Kc4 Bb6 43. Kb5 Kc7 44. Bb3 g5 1/2-1/2

[Event "1st Metropolitan International"]
[Site "Los Angeles"]
[Date "2011.08.17"]
[Round "1"]
[White "Hafizulhilmi, Mas"]
[Black "Jayakumar, Adarsh"]
[Result "1-0"]
[WhiteElo "2416"]
[BlackElo "2177"]
[PlyCount "75"]
[EventDate "2011.08.17"]
[EventType "swiss"]
[EventRounds "9"]
[EventCountry "USA"]
[SourceDate "2011.08.22"]

1. e4 c5 2. Nf3 d6 3. d4 cxd4 4. Nxd4 Nf6 5. Nc3 a6 6. Be2 e6 7. O-O Be7 8. f4
Nc6 9. Kh1 O-O 10. Be3 Qc7 11. Qe1 Nxd4 12. Bxd4 b5 13. a3 Bb7 14. Qg3 Rac8 15.
Bd3 Ne8 16. Rae1 f6 17. Qh3 e5 18. Bg1 Bd8 19. Rf3 Qf7 20. Nd5 Nc7 21. c4 Ne6
22. cxb5 axb5 23. Be3 Qe8 24. Bxb5 Qxb5 25. Qxe6+ Rf7 26. Bc1 Qd7 27. Qxd7 Rxd7
28. Rd3 Kf7 29. Bd2 Rc2 30. Bc3 Bxd5 31. exd5 exf4 32. Rd2 Rxd2 33. Bxd2 Rb7
34. Bc3 Rb5 35. Rd1 f5 36. b4 Bf6 37. Be1 Rb8 38. a4 1-0

[Event "1st Metropolitan International"]
[Site "Los Angeles"]
[Date "2011.08.17"]
[Round "1"]
[White "Hamzah, Amier"]
[Black "Piasetski, Leon"]
[Result "0-1"]
[WhiteElo "1800"]
[BlackElo "2289"]
[PlyCount "82"]
[EventDate "2011.08.17"]
[EventType "swiss"]
[EventRounds "9"]
[EventCountry "USA"]
[SourceDate "2011.08.22"]

1. d4 g6 2. c4 Bg7 3. Nc3 d6 4. e4 e5 5. Nf3 Bg4 6. d5 Nh6 7. Be2 O-O 8. Bg5 f6
9. Be3 Bd7 10. h3 f5 11. Bg5 Qe8 12. Qc2 a5 13. O-O-O Na6 14. a3 a4 15. Bxh6
Bxh6+ 16. Kb1 Nc5 17. g4 fxe4 18. Nxe4 Nxe4 19. Qxe4 Rf4 20. Qc2 b6 21. Rhf1
Qf7 22. Qc3 Rf8 23. Nd2 Rxf2 24. Ne4 Rf4 25. Bd3 Qe7 26. Rfe1 Rf3 27. Rh1 Qh4
28. Rdf1 Kg7 29. Ka2 R8f4 30. Qc2 Rxf1 31. Bxf1 Bxg4 32. Bd3 Bf3 33. Rg1 Bxe4
34. Bxe4 Rxe4 35. Qxa4 Rf4 36. Qc6 Rf7 37. Rb1 Be3 38. b4 Qxh3 39. Rb2 Bd4 40.
Rc2 Qd3 41. Qa4 h5 0-1

[Event "1st Metropolitan International"]
[Site "Los Angeles"]
[Date "2011.08.17"]
[Round "1"]
[White "Holt, Conrad"]
[Black "Kelley, Dereque"]
[Result "1-0"]
[WhiteElo "2438"]
[BlackElo "2203"]
[PlyCount "45"]
[EventDate "2011.08.17"]
[EventType "swiss"]
[EventRounds "9"]
[EventCountry "USA"]
[SourceDate "2011.08.22"]

1. d4 Nf6 2. c4 e6 3. Nc3 Bb4 4. Qc2 O-O 5. e4 d5 6. e5 Ne4 7. Bd3 c5 8. Nge2
cxd4 9. Nxd4 Nd7 10. Bf4 Ndc5 11. O-O Nxd3 12. Qxd3 Bxc3 13. bxc3 b6 14. cxd5
Qxd5 15. Rfd1 Bb7 16. c4 Qa5 17. f3 Nc5 18. Qe3 Qa4 19. Nb5 Qxc4 20. Nd6 Qa6
21. Rd4 Bd5 22. Bh6 f6 23. Bxg7 1-0

[Event "1st Metropolitan International"]
[Site "Los Angeles"]
[Date "2011.08.17"]
[Round "1"]
[White "Huang, Vincent"]
[Black "Amanov, Zhanibek"]
[Result "1/2-1/2"]
[WhiteElo "2128"]
[BlackElo "2382"]
[PlyCount "149"]
[EventDate "2011.08.17"]
[EventType "swiss"]
[EventRounds "9"]
[EventCountry "USA"]
[SourceDate "2011.08.22"]

1. d4 g6 2. c4 Bg7 3. Nf3 c5 4. Nc3 cxd4 5. Nxd4 Nc6 6. e3 Nf6 7. Be2 O-O 8.
O-O d6 9. Qd2 Nxd4 10. exd4 d5 11. c5 b6 12. Rd1 Bb7 13. b4 bxc5 14. bxc5 Bc6
15. Rb1 Re8 16. Qf4 Nd7 17. Qd2 a6 18. Bf3 e6 19. Qc2 Qa5 20. Bd2 Qc7 21. Be3
Rad8 22. Qb3 Rb8 23. Qa3 a5 24. h3 Qa7 25. Rdc1 Qa8 26. Rxb8 Rxb8 27. Rb1 Rxb1+
28. Nxb1 e5 29. Qc3 Qa7 30. dxe5 Bxe5 31. Qd2 Qb7 32. Nc3 Nf6 33. Bd4 Qc7 34.
Qe3 Bf4 35. Qe2 Qd8 36. Qa6 Qe8 37. Ne2 Bg5 38. Qxa5 Bb5 39. Ng3 Bc4 40. Kh2 h5
41. Qb6 Nd7 42. Qb2 Qc8 43. Qc2 h4 44. Ne2 Nxc5 45. Bxd5 Bxd5 46. Qxc5 Qa8 47.
a3 Bh6 48. f3 Bf8 49. Qa7 Qe8 50. Qa6 Bc6 51. Ng1 Qd7 52. Be5 Qd5 53. Bb8 Bc5
54. Qc8+ Kg7 55. Ne2 Bxa3 56. Qg4 Bb2 57. Nf4 Qd8 58. Ba7 Be5 59. Kh1 Bd7 60.
Nh5+ Kg8 61. Qe4 Qc7 62. f4 Bh8 63. Qa8+ Kh7 64. Qf8 Be6 65. f5 Bxf5 66. Be3
gxh5 67. Qh6+ Kg8 68. Qxh5 Qe5 69. Qg5+ Bg7 70. Qd8+ Bf8 71. Qg5+ Kh7 72. Qxh4+
Kg8 73. Qg5+ Bg7 74. Qd8+ Bf8 75. Qg5+ 1/2-1/2

[Event "1st Metropolitan International"]
[Site "Los Angeles"]
[Date "2011.08.17"]
[Round "1"]
[White "Hungaski, Robert"]
[Black "Kleinman, Michael"]
[Result "1-0"]
[WhiteElo "2495"]
[BlackElo "2221"]
[PlyCount "41"]
[EventDate "2011.08.17"]
[EventType "swiss"]
[EventRounds "9"]
[EventCountry "USA"]
[SourceDate "2011.08.22"]

1. d4 Nf6 2. c4 g6 3. Nc3 d5 4. cxd5 Nxd5 5. e4 Nxc3 6. bxc3 Bg7 7. Be3 c5 8.
Qd2 Qa5 9. Nf3 O-O 10. Rc1 Rd8 11. d5 e6 12. Bg5 f6 13. Bf4 Nc6 14. Bd3 Ne7 15.
c4 Qxd2+ 16. Kxd2 b6 17. Ke2 Bd7 18. Nd2 Kf7 19. Nb1 f5 20. Ke3 Bd4+ 21. Kd2
1-0

[Event "1st Metropolitan International"]
[Site "Los Angeles"]
[Date "2011.08.17"]
[Round "1"]
[White "Kavutskiy, Konstantin"]
[Black "Khachiyan, Melikset"]
[Result "0-1"]
[WhiteElo "2225"]
[BlackElo "2505"]
[PlyCount "108"]
[EventDate "2011.08.17"]
[EventType "swiss"]
[EventRounds "9"]
[EventCountry "USA"]
[SourceDate "2011.08.22"]

1. d4 Nf6 2. c4 g6 3. Nc3 d5 4. cxd5 Nxd5 5. e4 Nxc3 6. bxc3 Bg7 7. Nf3 c5 8.
Rb1 O-O 9. Be2 Nc6 10. d5 Ne5 11. Nxe5 Bxe5 12. Qd2 e6 13. f4 Bg7 14. O-O exd5
15. exd5 b6 16. Bb2 Bf5 17. Rbd1 Qd6 18. Bb5 c4 19. Bc6 Rac8 20. Qc1 Rfd8 21.
Rfe1 Bf8 22. Kh1 Bd7 23. Bxd7 Rxd7 24. f5 Qc5 25. fxg6 hxg6 26. Qg5 Rcd8 27.
Bc1 Be7 28. Qf4 Rxd5 29. Rxd5 Qxd5 30. h4 Qd6 31. Qg4 Bf6 32. Qxc4 Qg3 33. Rf1
Qxh4+ 34. Qxh4 Bxh4 35. Be3 Bg3 36. Bf4 Rd3 37. Bxg3 Rxg3 38. Rc1 Kf8 39. Kg1
Ke7 40. Kf2 Rg5 41. Rd1 Ra5 42. Rd2 Ra3 43. Rc2 Kd6 44. Ke3 Kc5 45. Kd3 b5 46.
Rf2 f5 47. g4 fxg4 48. Rf4 Ra4 49. Rf6 Kd5 50. Rxg6 Ke5 51. Ke3 Kf5 52. Rd6 a6
53. Rd2 Re4+ 54. Kf2 Kf4 0-1

[Event "1st Metropolitan International"]
[Site "Los Angeles"]
[Date "2011.08.17"]
[Round "1"]
[White "Krishnan, Varun"]
[Black "Szabo, Bence"]
[Result "0-1"]
[WhiteElo "2099"]
[BlackElo "2362"]
[PlyCount "72"]
[EventDate "2011.08.17"]
[EventType "swiss"]
[EventRounds "9"]
[EventCountry "USA"]
[SourceDate "2011.08.22"]

1. e4 c5 2. Nf3 Nc6 3. d4 cxd4 4. Nxd4 Qb6 5. Nb3 Nf6 6. Nc3 e6 7. Bd3 d6 8.
O-O a6 9. Be3 Qc7 10. f4 Be7 11. Qf3 O-O 12. a3 Nd7 13. Qh3 b5 14. e5 g6 15. f5
exf5 16. Nd5 Qd8 17. exd6 Bxd6 18. Bh6 Nde5 19. Bxf8 Bxf8 20. Nf4 Bd6 21. Rad1
Qb6+ 22. Kh1 Ng4 23. Nd5 Qd8 24. Nf4 Nce5 25. Be2 Bb7 26. Bxg4 Nxg4 27. Nc5 Bc6
28. b4 Qf8 29. Nb3 Re8 30. Qc3 Ba8 31. Rde1 Qh6 32. Nh3 Ne3 33. Rf3 Bxf3 34.
gxf3 Qxh3 35. Qd2 Qxf3+ 36. Kg1 Re4 0-1

[Event "1st Metropolitan International"]
[Site "Los Angeles"]
[Date "2011.08.17"]
[Round "1"]
[White "Langer, Michael"]
[Black "Panjwani, Raja"]
[Result "0-1"]
[WhiteElo "2180"]
[BlackElo "2420"]
[PlyCount "166"]
[EventDate "2011.08.17"]
[EventType "swiss"]
[EventRounds "9"]
[EventCountry "USA"]
[SourceDate "2011.08.22"]

1. e4 Nf6 2. e5 Nd5 3. c4 Nb6 4. c5 Nd5 5. Nc3 e6 6. Nxd5 exd5 7. d4 b6 8. Be3
bxc5 9. dxc5 c6 10. f4 Ba6 11. Be2 Be7 12. Nf3 Bxe2 13. Qxe2 Qa5+ 14. Qd2 Qxd2+
15. Kxd2 Na6 16. Rhc1 Rb8 17. Rc2 Rb5 18. Nd4 Rxc5 19. Nf5 Rxc2+ 20. Kxc2 g6
21. Nxe7 Kxe7 22. Bxa7 Ke6 23. a3 c5 24. Kc3 Ra8 25. Bb6 Rb8 26. Ba5 d4+ 27.
Kc2 c4 28. Rd1 Kd5 29. Bc3 d3+ 30. Kd2 Rb3 31. Ke3 Nc5 32. Bd4 Na4 33. Rd2 h5
34. g3 Rb8 35. Rf2 Re8 36. b3 cxb3 37. Kxd3 Rb8 38. Bb2 Nc5+ 39. Ke3 Na4 40.
Rd2+ Kc5 41. Kd3 Kb5 42. Bd4 Rc8 43. Re2 Rc1 44. Rd2 Nc5+ 45. Ke3 Re1+ 46. Kf2
Rb1 47. Ke3 Kc4 48. Bxc5 b2 49. Rc2+ Kb3 50. Re2 Rc1 51. Rxb2+ Kxb2 52. Bb4 Kb3
53. Be7 Rh1 54. h4 Kc4 55. Bd8 Ra1 56. Be7 Rb1 57. Bd6 Rb3+ 58. Kf2 Kd4 59. a4
Ke4 60. a5 Rb2+ 61. Ke1 Ra2 62. Bc7 Kf3 63. f5 gxf5 64. Kd1 Kg4 65. Kc1 f4 66.
gxf4 Kxh4 67. Kb1 Ra4 68. Kb2 Kg4 69. Kb3 Ra1 70. Kb2 Rxa5 71. Bxa5 h4 72. f5
Kxf5 73. Be1 h3 74. Bg3 Kg4 75. Bh2 Kf3 76. Kc3 Kg2 77. Bf4 h2 78. Bxh2 Kxh2
79. Kd4 Kg3 80. Ke3 Kg4 81. Ke4 Kg5 82. Kd4 Kf4 83. Kd5 Ke3 0-1

[Event "1st Metropolitan International"]
[Site "Los Angeles"]
[Date "2011.08.20"]
[Round "1"]
[White "Lee, Michael"]
[Black "Steinfl, Alessandro"]
[Result "1-0"]
[WhiteElo "2395"]
[BlackElo "2164"]
[PlyCount "81"]
[EventDate "2011.08.17"]
[EventType "swiss"]
[EventRounds "9"]
[EventCountry "USA"]
[SourceDate "2011.08.22"]

1. c4 f5 2. Nc3 Nf6 3. d4 d6 4. g3 g6 5. Bg2 Bg7 6. Nf3 O-O 7. O-O c6 8. Be3
Na6 9. Qd2 Ng4 10. Bf4 e5 11. Bg5 Qe8 12. h3 Nf6 13. dxe5 dxe5 14. Bh6 e4 15.
Nd4 Bxh6 16. Qxh6 Qe5 17. Rad1 Nc5 18. Qe3 Nh5 19. f4 Qe7 20. Rd2 a5 21. Rfd1
g5 22. fxg5 f4 23. gxf4 Nxf4 24. h4 Qd7 25. Qg3 e3 26. Rc2 Qe7 27. Rcc1 Nxg2
28. Kxg2 Rf2+ 29. Kg1 Bd7 30. Nc2 Raf8 31. Nxe3 Bc8 32. Rf1 Rxf1+ 33. Rxf1
Rxf1+ 34. Kxf1 Ne4 35. Nxe4 Qxe4 36. Kf2 Be6 37. b3 b5 38. cxb5 cxb5 39. h5 Bd5
40. Qb8+ Kf7 41. Qc7+ 1-0

[Event "1st Metropolitan International"]
[Site "Los Angeles"]
[Date "2011.08.17"]
[Round "1"]
[White "Liou, Yian"]
[Black "Hall, Bobby"]
[Result "1/2-1/2"]
[WhiteElo "2299"]
[BlackElo "2044"]
[PlyCount "154"]
[EventDate "2011.08.17"]
[EventType "swiss"]
[EventRounds "9"]
[EventCountry "USA"]
[SourceDate "2011.08.22"]

1. e4 c5 2. Nf3 d6 3. d4 cxd4 4. Nxd4 Nf6 5. Nc3 a6 6. Bd3 Nc6 7. Nxc6 bxc6 8.
O-O e5 9. Kh1 Be7 10. f4 O-O 11. Qe2 Qc7 12. fxe5 dxe5 13. Bg5 a5 14. Bc4 Bg4
15. Qe1 Bh5 16. Qh4 Bg6 17. Rae1 Rad8 18. Ne2 Rd7 19. Ng3 Ne8 20. Bxe7 Rxe7 21.
Qg5 Nd6 22. Bb3 Qd8 23. h4 Ra7 24. Qxd8 Rxd8 25. Ba4 f6 26. Bxc6 Bf7 27. Rf2
Nc4 28. b3 Nb6 29. c4 Rc7 30. Bd5 a4 31. Kg1 axb3 32. axb3 Rb8 33. Re3 Ra7 34.
Nf5 Ra3 35. Rg3 g6 36. Ne7+ Kg7 37. Nc6 Rc8 38. Rgf3 Bxd5 39. cxd5 Nd7 40. b4
Ra1+ 41. Rf1 Ra2 42. Re1 Rca8 43. Rf2 R2a3 44. Rc2 Rb3 45. Kf2 Raa3 46. Ree2
Nb6 47. Red2 Nd7 48. Rc4 f5 49. Na5 Rc3 50. d6 Rxc4 51. Nxc4 Rc3 52. Nxe5 Nxe5
53. d7 Nxd7 54. Rxd7+ Kf6 55. exf5 Kxf5 56. Rxh7 Rc4 57. b5 Rb4 58. Rb7 Rxh4
59. b6 Rb4 60. Rb8 Kg4 61. Rb7 g5 62. Rb8 Rb3 63. Rb7 Rb2+ 64. Ke3 Rxg2 65. Kd4
Rb2 66. Kc5 Kh3 67. Rh7+ Kg3 68. Rh5 g4 69. Kc6 Kf3 70. Rf5+ Ke4 71. Rg5 Kf3
72. Rf5+ Ke4 73. Rf8 g3 74. Re8+ Kf3 75. Rf8+ Ke4 76. b7 g2 77. Rg8 Kf3 1/2-1/2

[Event "1st Metropolitan International"]
[Site "Los Angeles"]
[Date "2011.08.17"]
[Round "1"]
[White "Liu, Elliott"]
[Black "Anderson, Michael"]
[Result "1-0"]
[WhiteElo "2291"]
[BlackElo "1900"]
[PlyCount "59"]
[EventDate "2011.08.17"]
[EventType "swiss"]
[EventRounds "9"]
[EventCountry "USA"]
[SourceDate "2011.08.22"]

1. e4 c5 2. Nc3 Nc6 3. Bb5 g6 4. Bxc6 dxc6 5. d3 Bg7 6. f4 Nf6 7. Nf3 O-O 8.
O-O b6 9. Qe1 Nh5 10. f5 e5 11. g4 Nf4 12. Nxe5 Nh3+ 13. Kg2 Bxe5 14. Kxh3 h5
15. gxh5 gxf5 16. exf5 Qf6 17. Qf2 Bxc3 18. bxc3 Bd7 19. Bg5 Qd6 20. Qg3 Qxg3+
21. hxg3 Rfe8 22. Bf6 Re2 23. Rf4 Kh7 24. Raf1 Rxc2 25. Re1 Re8 26. Rxe8 Bxe8
27. Rg4 Bd7 28. Rg7+ Kh6 29. g4 Bc8 30. g5+ 1-0

[Event "1st Metropolitan International"]
[Site "Los Angeles"]
[Date "2011.08.17"]
[Round "1"]
[White "Marmont, Benjamin"]
[Black "Ginsburg, Mark"]
[Result "1/2-1/2"]
[WhiteElo "2154"]
[BlackElo "2387"]
[PlyCount "78"]
[EventDate "2011.08.17"]
[EventType "swiss"]
[EventRounds "9"]
[EventCountry "USA"]
[SourceDate "2011.08.22"]

1. e4 c5 2. Nf3 d6 3. d4 cxd4 4. Nxd4 Nf6 5. Nc3 Nc6 6. Bg5 Bd7 7. Be2 Qa5 8.
Bxf6 gxf6 9. O-O Rg8 10. Nb3 Qg5 11. g3 f5 12. f4 Qh6 13. Qd2 fxe4 14. Nxe4 Bf5
15. Bf3 Bg7 16. Rae1 Kf8 17. Ng5 Qg6 18. Qe2 Qf6 19. Qb5 Nd8 20. Be4 h6 21.
Bxf5 hxg5 22. Bh7 Rh8 23. fxg5 Qxb2 24. Qd7 Bd4+ 25. Kh1 Be5 26. g6 Qc3 27.
gxf7 Qc6+ 28. Qxc6 Nxc6 29. Be4 e6 30. Bxc6 bxc6 31. Kg2 Rh7 32. Re2 Rxf7 33.
Rxf7+ Kxf7 34. Na5 Bc3 35. Nxc6 d5 36. Re3 Bf6 37. Ne5+ Bxe5 38. Rxe5 Rc8 39.
Re2 Rc3 1/2-1/2